000
00298nam a2200133Ia 4500
100
_a
Mukhi Vijay
942
_c
BK
654
_a
Computer
245
_a
''''C'''' Odysssey OS/2 PM & into infinite worlds
260
_b
BPB Pub
_a
New Delhi
_c
1992
082
_a
5.44
546
_a
ENGLISH
999
_c
26903
_d
26903